000 00660nam a2200181 i 4500
001 125878
003 ES-MaACL
005 20230906192720.0
007 t|
008 070214s1967 sp e |||| | spa d
110 1 _aNavarra (Provincia).
_bDiputación Foral.
_9169204
245 1 0 _aReglamento del impuesto sobre el aumento del valor de los terrenos rústicos y urbanos.
260 _aPamplona :
_b[s. n.],
_c1967 (
_fImp. de la Diputación)
300 _a109 p. ;
_c22 cm +
_e28 plan.
500 _aPrecede al tít.: Diputación Foral de Navarra.
650 4 _aImpuesto sobre el incremento del valor de los terrenos.
_9169203
852 _aES-MaACL
_jC-32739
999 _c125878
_d125878